[Event "Alcorcon Spring op-A 1st"]
[Site "Alcorcon"]
[Date "2019.05.19"]
[Round "8"]
[White "Martin Lozano, Miguel Angel"]
[Black "Gonzalez Lopez, Sergio"]
[Result "1-0"]
[WhiteElo "1724"]
[BlackElo "1762"]
[PlyCount "48"]
[EventDate "2019.03.24"]
[EventType "swiss"]
[EventRounds "9"]
[EventCountry "ESP"]
[SourceTitle "EXT 2020"]
[Source "ChessBase"]
[SourceDate "2019.10.17"]
[SourceVersion "1"]
[SourceVersionDate "2019.10.17"]
[SourceQuality "1"]

1. d4 Nf6 2. Bf4 e6 3. e3 d5 4. Nf3 c5 5. c3 Be7 6. Bd3 0-0 7. Nbd2 Nc6 8. Ne5 Nxe5 9. Bxe5 Nd7 10. Bg3 f5 11. Nf3 c4 12. Bc2 b5 13. a3 Bb7 14. Ne5 Nxe5 15. Bxe5 Bf6 16. f4 Bxe5 17. fxe5 Qg5 18. Qd2 f4 19. exf4 Qxf4 20. Qxf4 Rxf4 21. Rf1 Raf8 22. Ke2 Bc6 23. g3 Rxf1 24. Rxf1 Be8 1-0

[Event "Alcorcon Spring op-A 1st"]
[Site "Alcorcon"]
[Date "2019.04.28"]
[Round "5"]
[White "Barahona Torrijos, Angel"]
[Black "Martin Lozano, Miguel Angel"]
[Result "1-0"]
[WhiteElo "1821"]
[BlackElo "1724"]
[PlyCount "85"]
[EventDate "2019.03.24"]
[EventType "swiss"]
[EventRounds "9"]
[EventCountry "ESP"]
[SourceTitle "EXT 2020"]
[Source "ChessBase"]
[SourceDate "2019.10.17"]
[SourceVersion "1"]
[SourceVersionDate "2019.10.17"]
[SourceQuality "1"]

1. d4 e6 2. Nf3 f5 3. c4 Nf6 4. Nc3 Bb4 5. Bg5 Bxc3+ 6. bxc3 h6 7. Bxf6 Qxf6 8. e3 0-0 9. Bd3 b6 10. Qc2 Bb7 11. e4 d6 12. d5 fxe4 13. Bxe4 exd5 14. cxd5 Ba6 15. Nd4 Nd7 16. Ne6 Nc5 17. Bh7+ Kh8 18. Nxf8 Qe5+ 19. Kd1 Qxd5+ 20. Kc1 Rxf8 21. f3 Re8 22. Be4 Nxe4 23. fxe4 Rxe4 24. Rd1 Qg5+ 25. Qd2 Qc5 26. Re1 Qa3+ 27. Kc2 Qa4+ 28. Kb2 Qb5+ 29. Kc1 Rc4 30. Rb1 Qc6 31. Kb2 d5 32. Ka1 Rxc3 33. Qf4 Qg6 34. Qa4 b5 35. Qd4 Rc2 36. Rb3 c5 37. Qxd5 Qf6+ 38. Kb1 Rc4 39. Re8+ Kh7 40. Qg8+ Kg6 41. Re6 Rf4 42. Rg3+ Kh5 43. Rxf6 1-0

[Event "Mostoles op 9th"]
[Site "Mostoles"]
[Date "2018.07.25"]
[Round "9"]
[White "Lysyy, Petro"]
[Black "Martin Lozano, Miguel Angel"]
[Result "1-0"]
[WhiteElo "1868"]
[BlackElo "1762"]
[PlyCount "59"]
[EventDate "2018.07.17"]
[EventType "swiss"]
[EventRounds "9"]
[EventCountry "ESP"]
[SourceTitle "CBM 186 Extra"]
[Source "ChessBase"]
[SourceDate "2018.08.24"]
[SourceVersion "1"]
[SourceVersionDate "2018.08.24"]
[SourceQuality "1"]

1. d4 e6 2. e4 d5 3. e5 c5 4. c3 Nc6 5. Bb5 Qb6 6. Bxc6+ bxc6 7. Ne2 cxd4 8. Nxd4 Ne7 9. 0-0 Ng6 10. Nf3 Ba6 11. Re1 Bc5 12. Nd4 0-0 13. a4 Qc7 14. b4 Be7 15. Nf3 Bb7 16. Qe2 a5 17. b5 cxb5 18. axb5 a4 19. g3 Rfc8 20. Ba3 Bxa3 21. Rxa3 Qc5 22. Nd4 Qe7 23. f4 Rc4 24. Qb2 h5 25. Nd2 Rac8 26. Nxc4 dxc4 27. Rxa4 Nxf4 28. gxf4 Qh4 29. Qf2 Qg4+ 30. Qg3 1-0

[Event "Mostoles op 9th"]
[Site "Mostoles"]
[Date "2018.07.18"]
[Round "2"]
[White "Martin Lozano, Miguel Angel"]
[Black "Murillo Paz, Pedro"]
[Result "1-0"]
[WhiteElo "1762"]
[BlackElo "1414"]
[PlyCount "131"]
[EventDate "2018.07.17"]
[EventType "swiss"]
[EventRounds "9"]
[EventCountry "ESP"]
[SourceTitle "CBM 186 Extra"]
[Source "ChessBase"]
[SourceDate "2018.08.24"]
[SourceVersion "1"]
[SourceVersionDate "2018.08.24"]
[SourceQuality "1"]

1. d4 d5 2. Bf4 e6 3. e3 Bd6 4. Bg3 Bxg3 5. hxg3 Nc6 6. Nf3 Bd7 7. c4 Nf6 8. Nc3 Qe7 9. a3 0-0-0 10. b4 e5 11. b5 Na5 12. Nxe5 dxc4 13. Qa4 b6 14. Nxc4 Kb8 15. Nxa5 bxa5 16. Be2 Bg4 17. Bf3 Bxf3 18. gxf3 Nd5 19. Nxd5 Rxd5 20. 0-0 h5 21. e4 Rg5 22. Kg2 h4 23. Rh1 h3+ 24. Kh2 Qf6 25. Qd1 Rxb5 26. Qd3 Rb6 27. Rhc1 Rd8 28. Rd1 g5 29. e5 Qc6 30. d5 Qc5 31. Qd4 Qc2 32. Rac1 Qb2 33. Qxb2 Rxb2 34. Rb1 Rb6 35. Kxh3 Ka8 36. Rxb6 axb6 37. Kg4 c5 38. d6 c4 39. Kxg5 Kb7 40. Kf6 Rd7 41. e6 fxe6 42. Kxe6 Kc6 43. a4 c3 44. Rd3 Rh7 45. Rxc3+ Kb7 46. Rc7+ Rxc7 47. dxc7 Kxc7 48. Kd5 Kd7 49. Kc4 Kc6 50. g4 Kd6 51. f4 Kc6 52. g5 Kd6 53. Kb5 Kc7 54. f5 Kd6 55. f4 Kc7 56. g6 Kd7 57. Kxb6 Ke7 58. Kxa5 Kf6 59. Kb6 Kg7 60. Kc6 Kf6 61. Kb6 Kg7 62. Kc6 Kf6 63. a5 Kg7 64. a6 Kh6 65. a7 Kg7 66. a8Q 1-0

[Event "Madrid San Viator op-A 28th"]
[Site "Madrid"]
[Date "2017.06.04"]
[Round "9"]
[White "Munoz Cebey, Ricardo"]
[Black "Martin Lozano, Miguel Angel"]
[Result "1-0"]
[WhiteElo "1797"]
[BlackElo "1759"]
[PlyCount "75"]
[EventDate "2017.03.26"]
[EventType "swiss"]
[EventRounds "9"]
[EventCountry "ESP"]
[SourceTitle "EXT 2018"]
[Source "ChessBase"]
[SourceDate "2017.10.13"]
[SourceVersion "1"]
[SourceVersionDate "2017.10.13"]
[SourceQuality "1"]

1. c4 e6 2. Nf3 f5 3. g3 Nf6 4. Bg2 Be7 5. 0-0 0-0 6. Nc3 c6 7. d3 d5 8. Qc2 d4 9. Nb1 c5 10. e3 Nc6 11. exd4 cxd4 12. Bf4 Bd6 13. Bxd6 Qxd6 14. c5 Qc7 15. Qc4 Rd8 16. Ng5 Nd5 17. Re1 Ne5 18. Qxd4 Nc6 19. Qh4 h6 20. Nxe6 Bxe6 21. Rxe6 Ndb4 22. Bxc6 Nxc6 23. Nc3 Nd4 24. Re3 Qc6 25. Qe7 Rd7 26. Qe5 Nf3+ 27. Rxf3 Qxf3 28. d4 Rf8 29. d5 Rdf7 30. d6 f4 31. Qd5 fxg3 32. fxg3 Qf2+ 33. Kh1 Qxb2 34. Rf1 Qxc3 35. d7 Qd3 36. Qxd3 Rxf1+ 37. Kg2 R1f2+ 38. Kg1 1-0

[Event "Madrid San Viator op-A 28th"]
[Site "Madrid"]
[Date "2017.05.14"]
[Round "6"]
[White "Del Noval Nemeshazi, Nesztor"]
[Black "Martin Lozano, Miguel Angel"]
[Result "0-1"]
[WhiteElo "1862"]
[BlackElo "1759"]
[PlyCount "166"]
[EventDate "2017.03.26"]
[EventType "swiss"]
[EventRounds "9"]
[EventCountry "ESP"]
[SourceTitle "EXT 2018"]
[Source "ChessBase"]
[SourceDate "2017.10.13"]
[SourceVersion "1"]
[SourceVersionDate "2017.10.13"]
[SourceQuality "1"]

1. e4 e6 2. d4 d5 3. Nc3 dxe4 4. Nxe4 Bd7 5. Nf3 Bc6 6. Bd3 Nd7 7. Bg5 Ngf6 8. Qe2 Be7 9. Bxf6 Bxf6 10. Nxf6+ Qxf6 11. 0-0-0 0-0-0 12. Bb5 Bxf3 13. gxf3 Nb6 14. a4 c6 15. a5 cxb5 16. axb6 a6 17. c4 bxc4 18. Qxc4+ Kb8 19. Kb1 Qf5+ 20. Rd3 Rc8 21. Qb3 Rhd8 22. Rc1 Rxc1+ 23. Kxc1 Rc8+ 24. Rc3 Rc6 25. Qb4 Qg5+ 26. Kd1 Qd8 27. Rxc6 bxc6 28. b7 e5 29. Ke2 exd4 30. Kd3 f6 31. f4 Qd7 32. Qb6 Qf5+ 33. Kxd4 Qxf4+ 34. Kd3 Qf5+ 35. Ke3 Qe5+ 36. Kf3 Qc7 37. Qb4 c5 38. Qd2 Qxb7+ 39. Kg3 Qc7+ 40. f4 g5 41. Kg2 Qxf4 42. Qd8+ Kb7 43. Qe7+ Kb6 44. Qe6+ Kb5 45. Qb3+ Qb4 46. Qd3+ Qc4 47. Qd7+ Kb4 48. Qb7+ Ka4 49. b3+ Qxb3 50. Qxa6+ Kb4 51. Qb6+ Kc4 52. Qe6+ Kb4 53. Qb6+ Ka3 54. Qxc5+ Ka2 55. Qa7+ Kb2 56. Qd4+ Qc3 57. Qb6+ Kc2 58. Qb7 Qd2+ 59. Kg1 Qe3+ 60. Kg2 Qe2+ 61. Kg1 Qg4+ 62. Kf2 Qf4+ 63. Kg2 h5 64. Qc6+ Kd3 65. Qd5+ Qd4 66. Qb3+ Ke4 67. Qe6+ Kf4 68. Qc8 Qe4+ 69. Kf2 Qf3+ 70. Kg1 Qg4+ 71. Qxg4+ Kxg4 72. Kg2 Kf4 73. Kf2 Ke4 74. Ke2 g4 75. Kf2 h4 76. Kg2 Ke3 77. Kg1 Ke2 78. Kg2 f5 79. h3 gxh3+ 80. Kh1 f4 81. Kh2 f3 82. Kg1 f2+ 83. Kh2 Kf3 0-1

[Event "Madrid San Viator op 24th"]
[Site "Madrid"]
[Date "2015.05.31"]
[Round "9"]
[White "Martin Lozano, Miguel Angel"]
[Black "Lozano Freras, Sergio"]
[Result "1/2-1/2"]
[WhiteElo "1758"]
[BlackElo "1992"]
[PlyCount "69"]
[EventDate "2015.03.22"]
[EventType "swiss"]
[EventRounds "9"]
[EventCountry "ESP"]
[SourceTitle "EXT 2016"]
[Source "ChessBase"]
[SourceDate "2015.10.08"]
[SourceVersion "1"]
[SourceVersionDate "2015.10.08"]
[SourceQuality "1"]

1. d4 d5 2. Bf4 Nf6 3. e3 e6 4. Bd3 Bd6 5. Bg3 0-0 6. Nd2 b6 7. Ngf3 Bb7 8. Ne5 c5 9. c3 cxd4 10. exd4 Ne4 11. f3 Nxd2 12. Qxd2 Bxe5 13. Bxe5 Nc6 14. Qf4 Nxe5 15. Qxe5 Re8 16. h4 Qb8 17. Qh5 Qg3+ 18. Kf1 h6 19. Re1 Qf4 20. Qe5 Qxe5 21. Rxe5 f6 22. Re2 e5 23. Bg6 Re7 24. Kf2 e4 25. fxe4 dxe4 26. Rhe1 f5 27. h5 Rf8 28. g3 Rf6 29. Ke3 Bd5 30. b3 Bf7 31. Bxf7+ Kxf7 32. Rd2 Ke6 33. Rf1 Ref7 34. Rdd1 g6 35. c4 1/2-1/2